Score 0/25 Timer 06:00
0 Plays Today
% Correct
chauffeur
98.7%
rendezvous
96%
cul-de-sac
93.5%
chic
92.1%
potpourri
91.3%
protégé
90.8%
pirouette
90.5%
aperitif
87.5%
née
85.2%
armoire
84.5%
passé
81.4%
avant-garde
79.5%
chanteuse
78.2%
% Correct
pince-nez
76.5%
repartee
74.6%
risqué
74.6%
derailleur
74.4%
gaffe
73.2%
faux
73.1%
demitasse
65%
banquette
64.7%
denouement
64.6%
entente
62.6%
sangfroid
60.9%
patois
58.7%
Remove Ads.
Support Sporcle.
Get the best of Sporcle when you Go Orange. This ad-free experience offers more features, more stats, and more fun while also helping to support Sporcle. Thank you for becoming a member.

You're not logged in!

Compare scores with friends on all Sporcle quizzes.
OR
Log In

Sporcle TV

Today on Sporcle TV


Watch our educational content, quiz creation guides, and fun videos on Sporcle TV.

Show Comments

Extras

Top Quizzes Today


Score Distribution

Paid Content

Your Account Isn't Verified!

In order to create a playlist on Sporcle, you need to verify the email address you used during registration. Go to your Sporcle Settings to finish the process.

Report this User

Report this user for behavior that violates our Community Guidelines.

Details: